[Event "10. Open Vila de Salou"]
[Site "Salou ESP"]
[Date "2008.05.13"]
[Round "6.8"]
[White "Adel Lahchaichi, Oussama"]
[Black "Cruz, Cristhian"]
[Result "1/2-1/2"]
[WhiteElo "2340"]
[BlackElo "2473"]
[PlyCount "102"]
[EventDate "2008.05.08"]
[EventType "swiss"]
[EventRounds "9"]
[EventCountry "ESP"]
[Source "lmi"]
[SourceDate "2008.05.08"]

1. c4 e6 2. g3 d5 3. Nf3 Nf6 4. b3 Be7 5. Bg2 O-O 6. O-O c5 7. d3 Nc6 8. a3 e5
9. Bb2 e4 10. Ne1 dxc4 11. bxc4 exd3 12. Nxd3 Bf5 13. Nc3 Na5 14. Nd5 Nxc4 15.
Nxe7+ Qxe7 16. Bxf6 Qxf6 17. Nxc5 Rad8 18. Qa4 Nd2 19. Rfd1 b6 20. Nd3 Bxd3 21.
exd3 Rxd3 22. Qxa7 h5 23. h4 Rfd8 24. Qa4 g6 25. Rac1 Qe7 26. Re1 Qxa3 27. Re8+
Rxe8 28. Qxe8+ Qf8 29. Qb5 Rd6 30. Re1 Qg7 31. Qe8+ Qf8 32. Qb5 Kh7 33. Re8 Qg7
34. Re7 Qa1+ 35. Kh2 Qf6 36. Qe8 Kg7 37. f4 Nc4 38. Rc7 Re6 39. Qb5 Ne3 40. Bh3
Re4 41. Qd3 Qb2+ 42. Kg1 Qa1+ 43. Kh2 Qb2+ 44. Kg1 Qa1+ 45. Kh2 Qa2+ 46. Kg1
Ng4 47. Qc3+ Kh7 48. Bxg4 hxg4 49. Rc8 Qb1+ 50. Kf2 Qa2+ 51. Kg1 Qb1+ 1/2-1/2

[Event "10. Open Vila de Salou"]
[Site "Salou ESP"]
[Date "2008.05.14"]
[Round "7.2"]
[White "Krivoshey, Sergei"]
[Black "Movsziszian, Karen"]
[Result "1-0"]
[WhiteElo "2488"]
[BlackElo "2536"]
[PlyCount "87"]
[EventDate "2008.05.08"]
[EventType "swiss"]
[EventRounds "9"]
[EventCountry "ESP"]
[Source "lmi"]
[SourceDate "2008.05.08"]

1. d4 Nf6 2. Nf3 g6 3. c4 Bg7 4. Nc3 O-O 5. e4 d6 6. Be2 e5 7. O-O Nh5 8. Bg5
f6 9. Be3 Nc6 10. c5 Nf4 11. Bc4+ Kh8 12. cxd6 cxd6 13. d5 Ne7 14. Re1 g5 15.
Bf1 g4 16. Nd2 f5 17. Nc4 fxe4 18. Nxe4 Nf5 19. a4 b6 20. Nc3 Bd7 21. Ne4 Bc8
22. Nc3 Rb8 23. Rc1 h5 24. g3 Ng6 25. Ne4 a6 26. Ncxd6 Nxe3 27. fxe3 Bd7 28.
Bxa6 Bh6 29. Bb5 Ne7 30. Rc3 Bxb5 31. axb5 Qd7 32. Rc6 Kg7 33. Nc4 Qxd5 34.
Qxd5 Nxd5 35. Rd6 Rbd8 36. Rxd8 Rxd8 37. Rd1 Rc8 38. Ned6 Nxe3 39. Nxc8 Nxd1
40. N8xb6 Ne3 41. Kf2 Nf5 42. Nd5 Nd4 43. b6 Nc6 44. b7 1-0

[Event "10. Open Vila de Salou"]
[Site "Salou ESP"]
[Date "2008.05.14"]
[Round "7.3"]
[White "Leon Hoyos, Manuel"]
[Black "Maze, Sebastien"]
[Result "0-1"]
[WhiteElo "2490"]
[BlackElo "2565"]
[PlyCount "102"]
[EventDate "2008.05.08"]
[EventType "swiss"]
[EventRounds "9"]
[EventCountry "ESP"]
[Source "lmi"]
[SourceDate "2008.05.08"]

1. e4 c5 2. Nf3 Nc6 3. d4 cxd4 4. Nxd4 e5 5. Nb5 d6 6. N1c3 a6 7. Na3 b5 8. Nd5
Nge7 9. c4 Nxd5 10. exd5 Nd4 11. Be3 Nf5 12. Bd2 Be7 13. cxb5 e4 14. Be2 O-O
15. O-O Bf6 16. Bc3 Bxc3 17. bxc3 Qf6 18. Qd2 Nh4 19. Kh1 Re8 20. Rab1 Qg6 21.
Rg1 e3 22. fxe3 Bf5 23. Rbf1 Be4 24. Bf3 Nf5 25. Qf2 axb5 26. Nxb5 Rxa2 27. Qe1
Bd3 28. e4 Bxb5 29. c4 Ra1 30. exf5 Rexe1 31. Rxe1 Rxe1 32. fxg6 Rxg1+ 33. Kxg1
Bxc4 34. gxh7+ Kxh7 35. Kf2 Kg6 36. Ke3 Kf5 37. Kd4 Bf1 38. g3 Bh3 39. Be2 Kg5
40. Bf3 f5 41. Ke3 Kf6 42. Kd4 g5 43. Be2 Kg6 44. Bf3 Kg7 45. Bd1 Bg2 46. h4 f4
47. hxg5 fxg3 48. Ke3 Bxd5 49. Bc2 Bh1 50. Bd1 Be4 51. Bf3 g2 0-1

[Event "10. Open Vila de Salou"]
[Site "Salou ESP"]
[Date "2008.05.14"]
[Round "7.4"]
[White "Lopez Martinez, Josep Manuel"]
[Black "Ivanov, Mikhail M"]
[Result "0-1"]
[WhiteElo "2575"]
[BlackElo "2492"]
[PlyCount "54"]
[EventDate "2008.05.08"]
[EventType "swiss"]
[EventRounds "9"]
[EventCountry "ESP"]
[Source "lmi"]
[SourceDate "2008.05.08"]

1. e4 e5 2. Nf3 Nc6 3. Bb5 a6 4. Ba4 Nf6 5. O-O Be7 6. Re1 b5 7. Bb3 d6 8. c3
O-O 9. h3 Na5 10. Bc2 c5 11. d4 Nd7 12. b3 exd4 13. cxd4 Nc6 14. Nc3 Bf6 15.
Be3 cxd4 16. Nxd4 Nxd4 17. Bxd4 Bb7 18. Re3 Rc8 19. a3 Re8 20. Bxf6 Qxf6 21.
Qd2 Rc7 22. Rf3 Qe5 23. Re1 Rec8 24. Ree3 g6 25. Rg3 a5 26. Bd1 Nf6 27. Bf3
Rxc3 0-1

[Event "10. Open Vila de Salou"]
[Site "Salou ESP"]
[Date "2008.05.14"]
[Round "7.5"]
[White "Langrock, Hannes"]
[Black "Kovalyov, Anton"]
[Result "1/2-1/2"]
[WhiteElo "2395"]
[BlackElo "2525"]
[PlyCount "47"]
[EventDate "2008.05.08"]
[EventType "swiss"]
[EventRounds "9"]
[EventCountry "ESP"]
[Source "lmi"]
[SourceDate "2008.05.08"]

1. e4 c5 2. c3 Nf6 3. e5 Nd5 4. Nf3 Nc6 5. Bc4 Nb6 6. Bb3 g6 7. d4 cxd4 8. Ng5
d5 9. exd6 e6 10. Qf3 Ne5 11. Qg3 Bxd6 12. Ne4 f6 13. O-O Nf7 14. Qf3 f5 15.
Nxd6+ Qxd6 16. Bf4 Qc6 17. Qxc6+ bxc6 18. cxd4 Ke7 19. Nd2 Rd8 20. Nf3 Kf6 21.
Rac1 Bb7 22. Rfe1 Nd5 23. Bd2 g5 24. Rc2 1/2-1/2

[Event "10. Open Vila de Salou"]
[Site "Salou ESP"]
[Date "2008.05.14"]
[Round "7.6"]
[White "Karlsson, Lars"]
[Black "Cori, Jorge"]
[Result "1/2-1/2"]
[WhiteElo "2475"]
[BlackElo "2377"]
[PlyCount "156"]
[EventDate "2008.05.08"]
[EventType "swiss"]
[EventRounds "9"]
[EventCountry "ESP"]
[Source "lmi"]
[SourceDate "2008.05.08"]

1. g3 g6 2. Bg2 Bg7 3. c4 Nf6 4. Nc3 O-O 5. e3 d6 6. Nge2 e5 7. O-O Nbd7 8. d3
Rb8 9. Rb1 Re8 10. e4 c6 11. h3 a6 12. f4 b5 13. f5 Bb7 14. g4 h6 15. Ng3 b4
16. Nce2 Nh7 17. Be3 c5 18. Kh2 Qh4 19. Ng1 Ndf6 20. Bf2 h5 21. gxh5 Nxh5 22.
Nxh5 Qxh5 23. Qxh5 gxh5 24. Bf3 Kf8 25. Bxh5 Ke7 26. Nf3 Nf6 27. Bh4 Rh8 28.
Rg1 Rxh5 29. Rxg7 Rbh8 30. Bxf6+ Kxf6 31. Rg3 a5 32. Rbg1 Bc6 33. h4 a4 34. Kg2
Ra8 35. Kf2 a3 36. b3 Rah8 37. Rg8 Be8 38. R1g5 R5h7 39. Rg1 Rh5 40. R1g2 R5h6
41. R2g3 Rh5 42. R3g4 R5h7 43. Ke3 Rh5 44. Ke2 R5h7 45. Kf2 Rh5 46. Rxh8 Rxh8
47. Nd2 Bc6 48. Kg3 Rh7 49. Rg5 Rh8 50. Nf1 Ra8 51. Ne3 Rh8 52. Nd5+ Bxd5 53.
cxd5 Ke7 54. Kg4 Kf6 55. Kg3 Ke7 56. Kh3 Kf6 57. Rg1 Ke7 58. Rg2 Kf6 59. Rg3
Ke7 60. Rg4 Kf6 61. Rg5 Ke7 62. Kg3 Kf6 63. Kg4 Ke7 64. h5 Kf6 65. Kh4 Ke7 66.
Rg4 Kf6 67. Rg3 Ke7 68. Rg2 Kf6 69. Rg1 Ke7 70. Rg3 Kf6 71. Rg2 Ke7 72. Rh2 Rg8
73. h6 Kf6 74. h7 Rh8 75. Kg4 Kg7 76. Rh1 f6 77. Rh2 Rxh7 78. Rxh7+ Kxh7
1/2-1/2

[Event "10. Open Vila de Salou"]
[Site "Salou ESP"]
[Date "2008.05.14"]
[Round "7.7"]
[White "Hernando Rodrigo, Julio A"]
[Black "Cuartas, Jaime Alexander"]
[Result "1/2-1/2"]
[WhiteElo "2389"]
[BlackElo "2496"]
[PlyCount "106"]
[EventDate "2008.05.08"]
[EventType "swiss"]
[EventRounds "9"]
[EventCountry "ESP"]
[Source "lmi"]
[SourceDate "2008.05.08"]

1. d4 d5 2. c4 c6 3. Nf3 Nf6 4. e3 Bg4 5. Qb3 Qb6 6. Ne5 Bf5 7. cxd5 Qxb3 8.
axb3 Bxb1 9. Rxb1 Nxd5 10. e4 Nf6 11. f3 e6 12. Be3 Nbd7 13. Nxd7 Kxd7 14. g4
h6 15. h4 Bd6 16. Kf2 Bc7 17. Bh3 Ke7 18. Rbc1 Bb6 19. g5 hxg5 20. hxg5 Nd7 21.
Kg3 e5 22. Rhd1 Rad8 23. f4 exd4 24. Bxd4 Bxd4 25. Rxd4 Nb6 26. Rcd1 Rxd4 27.
Rxd4 Rd8 28. Rxd8 Kxd8 29. e5 a5 30. f5 a4 31. bxa4 Nxa4 32. b3 Nc5 33. f6 gxf6
34. exf6 Nxb3 35. Kf4 Nd4 36. Bg4 Ke8 37. Ke5 c5 38. Kd5 b6 39. Kc4 Kf8 40. Kd5
Nc2 41. Be2 Nb4+ 42. Kd6 Nc2 43. Kd5 Kg8 44. Kd6 Kf8 45. Kd5 Nd4 46. Bg4 Nb3
47. Bf5 b5 48. g6 fxg6 49. Bxg6 c4 50. Kc6 c3 51. Kxb5 c2 52. Bxc2 Nd4+ 53. Kc4
Nxc2 1/2-1/2

[Event "10. Open Vila de Salou"]
[Site "Salou ESP"]
[Date "2008.05.15"]
[Round "8.1"]
[White "Mirzoev, Azer"]
[Black "Krivoshey, Sergei"]
[Result "1/2-1/2"]
[WhiteElo "2543"]
[BlackElo "2488"]
[PlyCount "34"]
[EventDate "2008.05.08"]
[EventType "swiss"]
[EventRounds "9"]
[EventCountry "ESP"]
[Source "lmi"]
[SourceDate "2008.05.08"]

1. Nf3 d5 2. d4 Nf6 3. g3 c6 4. Bg2 Bg4 5. O-O Nbd7 6. c3 e6 7. Nbd2 Be7 8. Re1
Bh5 9. e4 O-O 10. exd5 cxd5 11. Qb3 Qc7 12. Nf1 Rfc8 13. Bf4 Qb6 14. Ne5 Nxe5
15. Bxe5 Bg6 16. Nd2 Nd7 17. Bf4 Bf6 1/2-1/2

[Event "10. Open Vila de Salou"]
[Site "Salou ESP"]
[Date "2008.05.15"]
[Round "8.2"]
[White "Maze, Sebastien"]
[Black "Movsziszian, Karen"]
[Result "0-1"]
[WhiteElo "2565"]
[BlackElo "2536"]
[PlyCount "74"]
[EventDate "2008.05.08"]
[EventType "swiss"]
[EventRounds "9"]
[EventCountry "ESP"]
[Source "lmi"]
[SourceDate "2008.05.08"]

1. e4 d6 2. d4 Nf6 3. Nc3 g6 4. Be3 c6 5. h3 Nbd7 6. Nf3 e5 7. a4 Qe7 8. Be2
Bg7 9. dxe5 dxe5 10. Nd2 Nc5 11. Bc4 Ne6 12. Nb3 O-O 13. Bxe6 Qxe6 14. Qd3 Nh5
15. g3 b6 16. O-O-O Qe8 17. a5 Be6 18. axb6 axb6 19. Bxb6 Qb8 20. Bc5 Bh6+ 21.
Kb1 Re8 22. Ne2 Qb7 23. Nec1 Nf6 24. Be3 Bf8 25. Bc5 Bh6 26. Be3 Bxe3 27. Qxe3
Reb8 28. f3 Nd7 29. f4 Nb6 30. f5 Nc4 31. Qc3 gxf5 32. exf5 Bd5 33. f6 Ra4 34.
Nd3 Qa7 35. Ndc5 Ra8 36. Nxa4 Qxa4 37. Na5 Rxa5 0-1

[Event "10. Open Vila de Salou"]
[Site "Salou ESP"]
[Date "2008.05.15"]
[Round "8.3"]
[White "Ivanov, Mikhail M"]
[Black "Leon Hoyos, Manuel"]
[Result "1/2-1/2"]
[WhiteElo "2492"]
[BlackElo "2490"]
[PlyCount "133"]
[EventDate "2008.05.08"]
[EventType "swiss"]
[EventRounds "9"]
[EventCountry "ESP"]
[Source "lmi"]
[SourceDate "2008.05.08"]

1. Nf3 Nf6 2. b3 g6 3. Bb2 Bg7 4. g3 d6 5. d4 O-O 6. Bg2 a5 7. a4 Nbd7 8. Na3
e5 9. dxe5 Ng4 10. Nc4 Ngxe5 11. Nfxe5 Nxe5 12. Nxe5 Bxe5 13. Bxe5 dxe5 14. Qc1
c6 15. O-O Bf5 16. e4 Be6 17. Rd1 Qb6 18. Rd6 Rfd8 19. Qd2 Qc7 20. Rd1 Qxd6 21.
Qxd6 Rxd6 22. Rxd6 Kf8 23. f4 Ke7 24. fxe5 f6 25. Rd2 fxe5 26. Bf1 Rd8 27. Rxd8
Kxd8 28. Kf2 Kc7 29. Ke3 Kd6 30. Kd2 Kc5 31. Kc3 g5 32. h4 h6 33. Be2 Bh3 34.
hxg5 hxg5 35. Bh5 Bf1 36. Be8 b5 37. axb5 cxb5 38. Kd2 Kb4 39. Bf7 Kc5 40. c3
Bg2 41. Bd5 Bf3 42. Kc2 Bh5 43. Bg8 Bg6 44. Bd5 Be8 45. Kb2 Bh5 46. Kc2 Bf3 47.
Kd2 Bg4 48. Kc2 Bh5 49. Bg8 Be8 50. Bd5 b4 51. cxb4+ Kxb4 52. Bg8 Bc6 53. Kd3
Bd7 54. Kc2 Bg4 55. Bf7 Bf3 56. Bd5 Bg2 57. Bb7 Bh3 58. Bd5 Bd7 59. Kd3 Be8 60.
Bg8 Bc6 61. Bf7 Ka3 62. Bd5 Bb5+ 63. Kc3 Be2 64. Be6 Bb5 65. Bd5 Ba6 66. Be6
Bb7 67. Bd5 1/2-1/2

[Event "10. Open Vila de Salou"]
[Site "Salou ESP"]
[Date "2008.05.15"]
[Round "8.5"]
[White "Kovalyov, Anton"]
[Black "Pogorelov, Ruslan"]
[Result "1-0"]
[WhiteElo "2525"]
[BlackElo "2423"]
[PlyCount "91"]
[EventDate "2008.05.08"]
[EventType "swiss"]
[EventRounds "9"]
[EventCountry "ESP"]
[Source "lmi"]
[SourceDate "2008.05.08"]

1. c4 Nf6 2. Nc3 e5 3. Nf3 Nc6 4. a3 d5 5. cxd5 Nxd5 6. Qc2 Be7 7. e3 Nxc3 8.
bxc3 O-O 9. d4 Bd6 10. Be2 Qe7 11. Bb2 Bd7 12. O-O Rae8 13. Rfe1 e4 14. Nd2 Na5
15. c4 c5 16. dxc5 Bc7 17. Bc3 f5 18. g3 Nc6 19. Rab1 Bc8 20. Nb3 Qg5 21. Bf1
a6 22. Bg2 h5 23. h4 Qh6 24. Rbd1 g5 25. hxg5 Qxg5 26. Rd6 Bxd6 27. cxd6 Ne5
28. Rd1 Bd7 29. Nc5 Rf7 30. Rd5 Nf3+ 31. Kf1 Qg6 32. Nxd7 Rxd7 33. Qa4 Red8 34.
Ba5 b5 35. Qd1 Rc8 36. c5 Nh2+ 37. Kg1 Ng4 38. Bc7 Nf6 39. Rd4 Qf7 40. c6 Rdxc7
41. dxc7 Rxc7 42. Rd6 Qe7 43. Qd4 Ne8 44. Rd7 Qe6 45. Rxc7 Nxc7 46. Qd8+ 1-0

[Event "10. Open Vila de Salou"]
[Site "Salou ESP"]
[Date "2008.05.15"]
[Round "8.6"]
[White "Cori, Jorge"]
[Black "Lafuente, Pablo"]
[Result "0-1"]
[WhiteElo "2377"]
[BlackElo "2483"]
[PlyCount "151"]
[EventDate "2008.05.08"]
[EventType "swiss"]
[EventRounds "9"]
[EventCountry "ESP"]
[Source "lmi"]
[SourceDate "2008.05.08"]

1. e4 c6 2. d4 d5 3. exd5 cxd5 4. Bd3 Nc6 5. c3 Qc7 6. Nf3 Bg4 7. h3 Bh5 8. Be3
e6 9. Nbd2 Bd6 10. O-O Nge7 11. c4 dxc4 12. Nxc4 Nd5 13. Rc1 Bf4 14. Be4 O-O
15. Bxd5 exd5 16. Bxf4 Qxf4 17. Qd2 Qxd2 18. Ncxd2 f6 19. a3 Rfd8 20. Rc3 Rd7
21. b4 Ne7 22. Rfc1 Kf8 23. g4 Bf7 24. Nf1 Ke8 25. Ne3 Kd8 26. Nh4 Nc6 27. Nf3
Be6 28. Kg2 Rc8 29. Kf1 Ne7 30. Rc5 b6 31. Rxc8+ Nxc8 32. Rc6 Re7 33. Ne1 Kd7
34. Rc1 Nd6 35. Nd3 g5 36. a4 Bf7 37. b5 Nc4 38. Re1 Nd2+ 39. Kg2 Re4 40. Nb4
Nc4 41. Nbc2 Bg6 42. Nb4 Bf7 43. Nbc2 Nd6 44. Rd1 Nc8 45. Ra1 Nd6 46. Rd1 Ne8
47. f3 Re7 48. Kf2 Nc7 49. Nb4 Re8 50. Rc1 Be6 51. h4 gxh4 52. Rh1 Rg8 53. Rxh4
Rg7 54. Rh6 Rf7 55. Kg3 Ke7 56. Kf4 Kf8 57. Rh5 Rd7 58. Rh2 Kg8 59. Rc2 Bf7 60.
Kg3 Bg6 61. Rc6 Kf7 62. g5 fxg5 63. Ng4 Re7 64. Ne5+ Kg7 65. Rd6 Ne8 66. Rxd5
Nf6 67. Rd6 Bf7 68. Nbc6 Rc7 69. Rd8 Bb3 70. Ra8 Bxa4 71. Nd8 Bb3 72. Ndc6 h5
73. Nxa7 h4+ 74. Kf2 Rc2+ 75. Ke3 Ra2 76. f4 0-1

[Event "10. Open Vila de Salou"]
[Site "Salou ESP"]
[Date "2008.05.15"]
[Round "8.7"]
[White "Karlsson, Lars"]
[Black "Langrock, Hannes"]
[Result "1-0"]
[WhiteElo "2475"]
[BlackElo "2395"]
[PlyCount "79"]
[EventDate "2008.05.08"]
[EventType "swiss"]
[EventRounds "9"]
[EventCountry "ESP"]
[Source "lmi"]
[SourceDate "2008.05.08"]

1. Nf3 e6 2. g3 b6 3. Bg2 Bb7 4. O-O Nf6 5. b3 Be7 6. Bb2 O-O 7. c4 c5 8. e3 d6
9. Nc3 Nbd7 10. d4 Ne4 11. Qc2 Nxc3 12. Bxc3 Qc7 13. Rfd1 cxd4 14. Nxd4 Bxg2
15. Kxg2 Qb7+ 16. Kg1 a6 17. a4 Bf6 18. Ne2 Ne5 19. Bxe5 Bxe5 20. Rac1 Rfd8 21.
Nd4 Rac8 22. b4 Rd7 23. b5 axb5 24. axb5 Bxd4 25. Rxd4 Rcd8 26. Rcd1 g6 27. h4
h5 28. e4 Qc7 29. Qe2 Kf8 30. e5 Ke8 31. exd6 Rxd6 32. Rxd6 Rxd6 33. Ra1 Qc5
34. Qf3 Qf5 35. Qa8+ Rd8 36. Qc6+ Kf8 37. Qxb6 Rd2 38. Qb8+ Kg7 39. Qf4 Qd3 40.
Ra7 1-0

[Event "10. Open Vila de Salou"]
[Site "Salou ESP"]
[Date "2008.05.15"]
[Round "8.8"]
[White "Cuartas, Jaime Alexander"]
[Black "Hernando Rodrigo, Jose Maria"]
[Result "1/2-1/2"]
[WhiteElo "2496"]
[BlackElo "2337"]
[PlyCount "104"]
[EventDate "2008.05.08"]
[EventType "swiss"]
[EventRounds "9"]
[EventCountry "ESP"]
[Source "lmi"]
[SourceDate "2008.05.08"]

1. e4 c5 2. Nf3 d6 3. c3 Nf6 4. Be2 Bg4 5. O-O e6 6. Re1 Be7 7. Bb5+ Nc6 8. Qa4
Bxf3 9. Bxc6+ bxc6 10. Qxc6+ Nd7 11. gxf3 O-O 12. d4 Rc8 13. Qa4 Bg5 14. f4 Bh6
15. Qd1 cxd4 16. cxd4 Qh4 17. Nc3 Nf6 18. Qf3 Nh5 19. f5 Bxc1 20. Raxc1 exf5
21. exf5 Nf6 22. Rcd1 h6 23. Qg3 Qh5 24. Qf4 Rfe8 25. Kg2 Rb8 26. Rxe8+ Rxe8
27. Rd3 Re1 28. Rh3 Rg1+ 29. Kxg1 Qxh3 30. f3 Kh7 31. Ne4 Nxe4 32. Qxe4 h5 33.
b4 g5 34. Qd5 Kg7 35. a4 g4 36. f6+ Kg6 37. Qe4+ Kxf6 38. Qf4+ Ke6 39. Qe4+ Kf6
40. fxg4 hxg4 41. b5 Kg5 42. Qe7+ f6 43. d5 Qf3 44. Qg7+ Kf5 45. Qxa7 Qd1+ 46.
Kf2 Qf3+ 47. Ke1 Qh1+ 48. Ke2 Qf3+ 49. Ke1 Qh1+ 50. Ke2 Qf3+ 51. Ke1 Qh1+ 52.
Ke2 Qf3+ 1/2-1/2